01009nam a22002651a 450000100060000000300080000600500170001400800410003103500200007204000380009204100080013008200250013810000420016324500500020526000360025530000350029150000200032650400260034665000300037265100400040294200120044299900170045495201370047195201350060834412BD-RjUL20211209052144.0140517s1962 enka b 001 0 eng d a(BD-RjUL) 34506 aDLCcCtNlCdUkdDLCdBD-RjULbeng aeng00a307.760942bMAB 19621 aMartin, Ernest Walter,d1914-910436214aThe book of the country town /cE. W. Martin. aLondon :bPhoenix House,c1962. aviii, 152 p. :bill. ;c20 cm. aContains index. aBibliography: p. 146. 0aCities and towns 9104651 0aEnglandxSocial conditions.9104652 2ddccBK c34412d34412 00102ddc40718NFICaRUCLbRUCLcReadingd1966-03-17eZeitlingerl0o307.760942 MAB 1962r2014-05-17 00:00:00tC-1w2021-12-09yBK 00102ddc40708NFICaRUCLbRUCLcStackd1966-03-17eZeitlingerl0o307.760942 MAB 1962r2016-12-12 00:00:00tC-2w2016-12-12yBK